[Event "AUTO-ADV-3967"]
[Site "http://www.queenalice.com/game.php?id=1512422"]
[Date "2018.1.18"]
[Round "1"]
[White "Matrix"]
[Black "The_Clown"]
[Result "1/2-1/2"]
[WhiteElo "1719"]
[BlackElo "1717"]

1. e4 e5 2. Nf3 Nf6 3. d3 Nc6 4. g3 b6 5. Bg2 Bb7 6. O-O Bc5 7. Be3 Bxe3 8. fxe3
O-O 9. Nc3 Re8 10. d4 exd4 11. exd4 Nxe4 12. Nxe4 Rxe4 13. c3 Re8 14. a4 a5 15.
Qd3 g6 16. Ne5 Nxe5 17. dxe5 Ba6 18. Qe3 Bxf1 19. Bxa8 Bh3 20. Bd5 c6 21. Bb3
Qa8 22. Qd3 c5 23. Bd5 Qb8 24. Qc4 Be6 25. Bxe6 Rxe6 26. Rd1 Qc7 27. Qb5 d6 28.
exd6 Rxd6 29. Rxd6 Qxd6 30. Qe8+ Kg7 31. Qe2 Qc6 32. b3 h5 33. h4 Qf6 34. c4
Qd4+ 35. Kh2 Qc3 36. Qd1 Qb2+ 37. Kh3 Qf2 38. Qa1+ Qf6 39. Qxf6+ Kxf6 40. g4
hxg4+ 41. Kxg4 Ke6 42. Kg5 Ke7 43. Kf4 Kf6 44. Ke4 Ke6 45. Kf4 1/2-1/2

[Event "AUTO-ADV-3967"]
[Site "http://www.queenalice.com/game.php?id=1512423"]
[Date "2018.1.18"]
[Round "1"]
[White "The_Clown"]
[Black "Matrix"]
[Result "0-1"]
[WhiteElo "1728"]
[BlackElo "1731"]

1. d4 d5 2. c4 e6 3. c5 c6 4. Nc3 Nf6 5. Bg5 Be7 6. Nf3 O-O 7. Qd3 h6 8. Bh4 b5
9. b4 Na6 10. a3 Bd7 11. e4 Nxe4 12. Nxe4 Bxh4 13. Ned2 Bg5 14. Be2 Nc7 15. O-O
a5 16. bxa5 Rxa5 17. Nb3 Ra4 18. Ne5 f6 19. Nxd7 Qxd7 20. Bd1 e5 21. dxe5 fxe5
22. Bc2 e4 23. Qd1 Ne6 24. Nd4 Nxd4 25. Bxa4 bxa4 26. Qxd4 Bf6 27. Qxa4 Bxa1 28.
Rxa1 Qf7 29. Rf1 e3 30. f3 e2 31. Re1 Qe6 32. Qc2 Re8 33. Kf2 Ra8 34. Rxe2 Qf6
35. Qd3 Qh4+ 36. Kg1 Qf4 37. g3 Qf8 38. f4 Qxc5+ 39. Kg2 Qd6 40. f5 Qf8 41. Re6
Rxa3 42. Qe2 Qxf5 43. Rxc6 d4 44. Qc4+ Kh7 45. Qxd4 Ra2+ 46. Kg1 Qb1+ 0-1

[Event "AUTO-OPEN-3896"]
[Site "http://www.queenalice.com/game.php?id=1513248"]
[Date "2018.1.24"]
[Round "1"]
[White "KAXY"]
[Black "Matrix"]
[Result "0-1"]
[WhiteElo "1776"]
[BlackElo "1751"]

1. d4 d5 2. e3 Nc6 3. Bb5 Bd7 4. Bxc6 Bxc6 5. Nf3 Nf6 6. Nc3 g6 7. Bd2 Bg7 8.
Qe2 O-O 9. h4 h6 10. Ng1 a6 11. Nf3 Qd7 12. Ne5 Qd6 13. f3 Nh5 14. Rh3 Bxe5 15.
dxe5 Qxe5 16. f4 Qf5 17. g4 Qe6 18. Rh2 Nf6 19. g5 Ng4 20. Rg2 h5 21. O-O-O Bb5
22. Nxb5 axb5 23. Qxb5 d4 24. a3 dxe3 25. Bc3 b6 26. Kb1 Rab8 27. Re1 Rbd8 28.
Qe2 c5 29. Be5 Rd2 30. Qf3 Qf5 31. Rxd2 exd2 32. Rd1 Rd8 33. Bc3 Nh2 34. Qg2
Qxf4 35. Bxd2 Qg4 36. Qh1 c4 37. Bc3 Rxd1+ 38. Qxd1 Qxd1+ 39. Ka2 Qxc2 40. a4
Qxa4+ 41. Kb1 Nf1 42. Kc1 b5 43. Kb1 b4 44. Be1 b3 45. Bc3 Qa2+ 0-1

[Event "AUTO-OPEN-3896"]
[Site "http://www.queenalice.com/game.php?id=1513249"]
[Date "2018.1.24"]
[Round "1"]
[White "Matrix"]
[Black "KAXY"]
[Result "1-0"]
[WhiteElo "1768"]
[BlackElo "1742"]

1. e4 e5 2. Nf3 d6 3. d4 Bg4 4. Bc4 Nf6 5. d5 Nxe4 6. h3 Bxf3 7. Qxf3 Nc5 8. O-O
Nbd7 9. Nd2 g6 10. Ne4 Nxe4 11. Qxe4 Nf6 12. Qe3 Bg7 13. Bd2 O-O 14. Bc3 Qd7 15.
a4 a5 16. Qf3 Rae8 17. Bb5 c6 18. dxc6 bxc6 19. Bc4 d5 20. Bb3 e4 21. Qe3 Nh5
22. Bxg7 Nxg7 23. Qc3 d4 24. Qxa5 e3 25. fxe3 Rxe3 26. Kh2 Nh5 27. Rad1 Qd6+ 28.
Kh1 Ng3+ 29. Kg1 Nxf1 30. Rxf1 c5 31. Bc4 Rfe8 32. Qd2 Re2 33. Bxe2 c4 34. Bxc4
Qc5 35. b3 d3+ 36. Kh1 Re7 37. a5 Rd7 38. cxd3 Rb7 39. a6 Ra7 40. Qf4 Qb6 41.
Ra1 Ra8 42. Qxf7+ Kh8 43. a7 Qd8 44. Bd5 Rc8 45. a8=Q Rxa8 46. Rxa8 Qxa8 47.
Bxa8 h5 48. Bd5 h4 49. Qg8# 1-0

[Event "AUTO-OPEN-3896"]
[Site "http://www.queenalice.com/game.php?id=1513272"]
[Date "2018.1.24"]
[Round "1"]
[White "Matrix"]
[Black "bonow"]
[Result "0-1"]
[WhiteElo "1743"]
[BlackElo "2198"]

1. e4 c5 2. c4 e5 3. d3 d6 4. Nf3 Nc6 5. g3 Nf6 6. Bg2 Be7 7. O-O O-O 8. Be3 Qb6
9. b3 Bg4 10. h3 Bxf3 11. Qxf3 Nd4 12. Bxd4 cxd4 13. Nd2 Nd7 14. Qg4 Nc5 15. Qf3
Qa5 16. Rfd1 Qc3 17. Bf1 a5 18. Rac1 Qb2 19. Ra1 a4 20. b4 Qxb4 21. Rab1 Qa3 22.
Rb5 Qxa2 23. Qg4 a3 24. Nb1 Qc2 25. Rd2 Qc1 26. Kg2 a2 27. Rd1 Qc2 28. Rd2
axb1=Q 0-1

[Event "AUTO-OPEN-3896"]
[Site "http://www.queenalice.com/game.php?id=1513273"]
[Date "2018.1.24"]
[Round "1"]
[White "bonow"]
[Black "Matrix"]
[Result "1-0"]
[WhiteElo "2201"]
[BlackElo "1761"]

1. e4 e5 2. Nf3 d6 3. d4 exd4 4. Nxd4 Nf6 5. Nc3 c5 6. Nf3 g6 7. Bc4 Bg7 8. Bf4
O-O 9. Bxd6 Re8 10. Ng5 Be6 11. Nxe6 fxe6 12. Bxc5 Qc7 13. Qd6 Qxd6 14. Bxd6 Rc8
15. Bxe6+ Kh8 16. Bxc8 Ne8 17. Bg3 Nf6 18. Rd1 h5 19. Rd8+ Kh7 20. Bxb7 Nc6 21.
Rxa8 Nb4 22. Kd1 Ng4 23. Rxa7 Be5 24. Bc8+ Kh6 25. Bxg4 1-0

[Event "Let's Play Chess!"]
[Site "http://www.queenalice.com/game.php?id=1514180"]
[Date "2018.1.31"]
[Round "-"]
[White "Juuca"]
[Black "Matrix"]
[Result "1-0"]
[WhiteElo "1369"]
[BlackElo "1746"]

1. Nf3 d5 2. d4 Nc6 3. c4 dxc4 4. e4 Bg4 5. d5 Na5 6. Qa4+ c6 7. Ne5 Bd7 8. Nxd7
Kxd7 9. Bd2 b6 10. Bxa5 bxa5 11. Qxc6# 1-0

[Event "Let's Play Chess!"]
[Site "http://www.queenalice.com/game.php?id=1515080"]
[Date "2018.2.10"]
[Round "-"]
[White "Rider"]
[Black "Matrix"]
[Result "0-1"]
[WhiteElo "1616"]
[BlackElo "1719"]

1. c4 e5 2. Qa4 Nf6 3. e3 g6 4. d3 Bg7 5. b3 O-O 6. Nc3 d6 7. Ba3 Bd7 8. Nb5 a6
9. Qa5 Nc6 10. Qxc7 axb5 11. Bxd6 Nb4 12. Qxd8 Rfxd8 13. Bxb4 bxc4 14. bxc4 Bc6
15. f3 Bh6 16. e4 Be3 17. Be7 Kg7 18. Bxd8 Rxd8 19. Ke2 Bd4 20. Rb1 Nh5 21. g4
Nf4+ 22. Kd2 Ra8 23. a3 Rxa3 24. Kc2 Ba4+ 25. Kd2 Ra2+ 26. Kc1 Be3# 0-1

[Event "Let's Play Chess!"]
[Site "http://www.queenalice.com/game.php?id=1516315"]
[Date "2018.2.17"]
[Round "-"]
[White "Matrix"]
[Black "paolop69"]
[Result "0-1"]
[WhiteElo "1777"]
[BlackElo "1686"]

1. e4 e5 2. Nf3 d6 3. d4 Nd7 4. d5 Be7 5. Bd3 Nc5 6. O-O Bg4 7. b4 Na4 8. h3 Bd7
9. Nbd2 Nc3 10. Qe1 Bb5 11. Bxb5+ Nxb5 12. a4 Nd4 13. Qd1 Nxf3+ 14. Nxf3 h6 15.
a5 a6 16. Bb2 Nf6 17. Qe2 g5 18. c3 Nh5 19. c4 Nf4 20. Qd2 f6 21. c5 Qd7 22.
cxd6 cxd6 23. Rac1 O-O 24. g4 Nxh3+ 25. Kh2 Qxg4 26. Rc3 Nf4 0-1

[Event "Challenge"]
[Site "http://www.queenalice.com/game.php?id=1516340"]
[Date "2018.2.17"]
[Round "-"]
[White "Matrix"]
[Black "caradepau"]
[Result "1-0"]
[WhiteElo "1717"]
[BlackElo "1100"]

1. e4 e5 2. Nf3 Nc6 3. d4 exd4 4. Nxd4 Nxd4 5. Qxd4 h6 6. Bd3 a6 7. Bd2 b5 8.
O-O Bb7 9. Bc3 Nf6 10. h3 Be7 11. Nd2 c5 12. Qe3 O-O 13. Nf3 g5 14. e5 Nd5 15.
Qe4 Nxc3 16. Qh7# 1-0

[Event "AUTO-OPEN-3906"]
[Site "http://www.queenalice.com/game.php?id=1517214"]
[Date "2018.2.24"]
[Round "1"]
[White "Matrix"]
[Black "clovis"]
[Result "0-1"]
[WhiteElo "1753"]
[BlackElo "2157"]

1. e4 e5 2. Nf3 Nc6 3. d4 exd4 4. Nxd4 Bc5 5. Be3 Bxd4 6. Bxd4 Nf6 7. e5 Qe7 8.
Bc4 Nxe5 9. O-O d6 10. Nd2 Nxc4 11. Re1 Ne5 12. Nc4 O-O 13. Nxe5 dxe5 14. Rxe5
Qd6 15. c3 Be6 16. Qf3 b6 17. Re2 Bg4 18. Qe3 Bxe2 19. Qxe2 c5 20. Be3 Rfe8 21.
g3 Nd5 22. Rd1 Qe5 23. Qc4 Nxe3 24. fxe3 Qxe3+ 25. Kg2 Qe2+ 26. Qxe2 Rxe2+ 27.
Kh3 Rxb2 28. a4 Ra2 29. a5 Rxa5 30. Rf1 Ra2 31. c4 Rb2 0-1

[Event "AUTO-OPEN-3906"]
[Site "http://www.queenalice.com/game.php?id=1517215"]
[Date "2018.2.24"]
[Round "1"]
[White "clovis"]
[Black "Matrix"]
[Result "1-0"]
[WhiteElo "2156"]
[BlackElo "1755"]

1. e4 e5 2. Nf3 d5 3. exd5 Qxd5 4. Nc3 Qc5 5. d4 exd4 6. Qxd4 Be7 7. Bf4 Qb6 8.
O-O-O Bf6 9. Qxb6 axb6 10. Bb5+ Bd7 11. Bxc7 Bxb5 12. Nxb5 Be7 13. Rhe1 f6 14.
Rd8+ Kf7 15. Rxb8 Rxa2 16. Rxb7 Bc5 17. Bd6+ Kg6 18. Bxc5 bxc5 19. Rb8 Ra1+ 20.
Kd2 Ra5 21. Ree8 h5 22. Nh4+ Kg5 23. Nf3+ Kf5 24. Nd6+ Kg6 25. Rxg8 Rxg8 26.
Rxg8 Kh7 27. Rc8 g5 28. Ne4 g4 29. Nxf6+ Kg6 30. Nxg4 hxg4 31. Ne5+ Kf5 32. Nd3
1-0

[Event "AUTO-OPEN-3906"]
[Site "http://www.queenalice.com/game.php?id=1517216"]
[Date "2018.2.24"]
[Round "1"]
[White "Matrix"]
[Black "Magogue"]
[Result "0-1"]
[WhiteElo "1779"]
[BlackElo "2462"]

1. e4 e5 2. Nf3 Nf6 3. d3 Nc6 4. Be3 d5 5. exd5 Nxd5 6. Be2 f5 7. Bg5 Be7 8.
Bxe7 Qxe7 9. O-O Qb4 10. b3 O-O 11. Nbd2 Re8 12. a3 Qe7 13. Nc4 e4 14. dxe4 Nc3
15. Qd2 Nxe2+ 16. Qxe2 fxe4 17. Nfd2 Nd4 18. Qd1 Qg5 19. g3 Bg4 20. Qc1 Ne2+ 21.
Kh1 Nxc1 22. Raxc1 Rf8 23. Nxe4 Bf3+ 24. Kg1 Bxe4 25. a4 Qf5 26. Ne3 Qf3 0-1

[Event "AUTO-OPEN-3906"]
[Site "http://www.queenalice.com/game.php?id=1517217"]
[Date "2018.2.24"]
[Round "1"]
[White "Magogue"]
[Black "Matrix"]
[Result "1-0"]
[WhiteElo "2478"]
[BlackElo "1757"]

1. e4 e5 2. Nf3 d6 3. d4 Nf6 4. Nc3 Bd7 5. dxe5 dxe5 6. Nxe5 Bd6 7. Nxd7 Nbxd7
8. Bb5 O-O 9. O-O Ne5 10. Bf4 a6 11. Be2 Qd7 12. Bxe5 Bxe5 13. Qxd7 Nxd7 14. Nd1
Nf6 15. f3 Bd4+ 16. Kh1 Nh5 17. f4 g6 18. Bxh5 gxh5 19. Rf3 h4 20. Rd3 c5 21. e5
Rae8 22. c3 Bxe5 23. fxe5 f5 24. Rd5 b6 25. Ne3 f4 26. Ng4 Kg7 27. Nf6 Re7 28.
Rf1 Kg6 29. Rxf4 h5 30. g3 hxg3 31. hxg3 Kh6 32. Rd6 Kg7 33. Nxh5+ Kg8 34. Rxf8+
Kxf8 35. Nf4 Rh7+ 36. Kg2 a5 37. Rxb6 Rd7 38. Rd6 Re7 39. Ng6+ 1-0

[Event "AUTO-OPEN-3906"]
[Site "http://www.queenalice.com/game.php?id=1517218"]
[Date "2018.2.24"]
[Round "1"]
[White "Matrix"]
[Black "Francesco"]
[Result "1-0"]
[WhiteElo "1747"]
[BlackElo "1761"]

1. e4 e5 2. d4 exd4 3. Qxd4 Nc6 4. Qc4 Nf6 5. Nf3 d6 6. Ng5 Qe7 7. Be2 h6 8. Nf3
Qxe4 9. O-O Qxc4 10. Bxc4 d5 11. Bb3 1-0

[Event "AUTO-OPEN-3906"]
[Site "http://www.queenalice.com/game.php?id=1517219"]
[Date "2018.2.24"]
[Round "1"]
[White "Francesco"]
[Black "Matrix"]
[Result "0-1"]
[WhiteElo "1741"]
[BlackElo "1764"]

1. e4 e5 2. f4 exf4 3. Bc4 c6 4. Nc3 Bb4 5. d3 Ne7 6. Bxf4 O-O 7. Bd2 b5 8. Bb3
Ng6 9. a3 Ba5 10. Nf3 d5 11. exd5 Re8+ 12. Ne2 Bb6 0-1

[Event "AUTO-ADV-3995"]
[Site "http://www.queenalice.com/game.php?id=1521143"]
[Date "2018.3.25"]
[Round "1"]
[White "Matrix"]
[Black "thw"]
[Result "0-1"]
[WhiteElo "1783"]
[BlackElo "1934"]

1. e4 c5 2. c4 Nc6 3. d3 e6 4. Nf3 d5 5. cxd5 exd5 6. exd5 Qxd5 7. Nc3 Qe6+ 8.
Be3 b6 9. g3 Nf6 10. Bg2 Bd7 11. O-O Be7 12. h3 O-O 13. Nb5 Rac8 14. a4 a6 15.
Na3 Rfe8 16. Nc4 b5 17. Nb6 Rb8 18. a5 Nxa5 19. Rxa5 Rxb6 20. Qc1 Rc8 21. Qd2
Nd5 22. Rc1 Nxe3 23. fxe3 c4 0-1

[Event "AUTO-ADV-3995"]
[Site "http://www.queenalice.com/game.php?id=1521144"]
[Date "2018.3.25"]
[Round "1"]
[White "thw"]
[Black "Matrix"]
[Result "1-0"]
[WhiteElo "1944"]
[BlackElo "1773"]

1. e4 e5 2. Nf3 d6 3. h3 Nf6 4. Bc4 g6 5. d3 Bg7 6. O-O O-O 7. c3 h6 8. Re1 c6
9. Be3 b5 10. Bb3 a5 11. a4 b4 12. cxb4 Bd7 13. Bd2 Na6 14. bxa5 Nc5 15. Nc3 Qb8
16. Bc4 Be6 17. Bxe6 Nxe6 18. Qc2 d5 19. exd5 cxd5 20. Nxe5 d4 21. Nb5 Rc8 22.
Qb1 Rc5 23. Nc4 Rf5 24. Ncd6 1-0

[Event "AUTO-ADV-3995"]
[Site "http://www.queenalice.com/game.php?id=1521145"]
[Date "2018.3.25"]
[Round "1"]
[White "Matrix"]
[Black "Alex_ac"]
[Result "0-1"]
[WhiteElo "1781"]
[BlackElo "1671"]

1. e4 e5 2. Nf3 d6 3. g3 h6 4. Bg2 Nf6 5. d3 c5 6. c4 Nc6 7. O-O Nd4 8. Be3 Bg4
9. Nc3 Nxf3+ 10. Bxf3 Bh3 11. Bg2 Qd7 12. b3 a6 13. Nd5 Nxd5 14. exd5 Be7 15. a4
O-O 16. Qd2 g5 17. Qe2 Bf6 18. Rab1 b5 19. axb5 axb5 20. Ra1 Rab8 21. Rab1 bxc4
22. bxc4 Rb4 23. Ra1 Bxg2 24. Kxg2 e4 25. dxe4 Bxa1 26. Rxa1 Qe7 27. Qh5 Kh7 28.
f4 Qxe4+ 29. Kf2 Rb2+ 30. Kf1 Qxe3 31. Re1 Qf2# 0-1

[Event "AUTO-ADV-3995"]
[Site "http://www.queenalice.com/game.php?id=1521146"]
[Date "2018.3.25"]
[Round "1"]
[White "Alex_ac"]
[Black "Matrix"]
[Result "1-0"]
[WhiteElo "1769"]
[BlackElo "1759"]

1. c4 e5 2. e3 c5 3. Nc3 d6 4. h3 Nf6 5. d4 cxd4 6. exd4 exd4 7. Qxd4 g6 8. Nf3
Bg7 9. Bg5 O-O 10. Be2 h6 11. Bf4 Nh5 12. Qxd6 Qa5 13. O-O Nc6 14. g4 Nxf4 15.
Qxf4 Qb6 16. Rab1 Be6 17. Nd5 Qa5 18. Nf6+ Kh8 19. a3 Qd8 20. Ne4 Na5 21. c5 Bd5
22. Nd6 Bc6 23. Nxf7+ Rxf7 24. Qxf7 Bxf3 25. Qxf3 Qe7 26. b4 Nc6 27. Rfe1 Rf8
28. Qg3 Bf6 29. Bd3 Be5 30. Qe3 a6 31. Qxh6+ Kg8 32. Bc4+ Rf7 33. Qxg6+ Kh8 34.
Bxf7 Nd8 35. Qg8# 1-0

[Event "AUTO-ADV-3995"]
[Site "http://www.queenalice.com/game.php?id=1521147"]
[Date "2018.3.25"]
[Round "1"]
[White "Matrix"]
[Black "Navarro"]
[Result "1-0"]
[WhiteElo "1764"]
[BlackElo "1582"]

1. e4 c5 2. Nf3 d6 3. d4 cxd4 4. g3 Bg4 5. Be2 e5 6. O-O Nc6 7. Nbd2 Nf6 8. Bb5
a6 9. Bc4 b5 10. Bb3 Na5 11. Bd5 Nxd5 12. Kg2 Nf6 13. b3 Be7 14. Qe2 Rc8 15. h3
Bxh3+ 16. Kxh3 1-0

[Event "AUTO-ADV-3995"]
[Site "http://www.queenalice.com/game.php?id=1521148"]
[Date "2018.3.25"]
[Round "1"]
[White "Navarro"]
[Black "Matrix"]
[Result "0-1"]
[WhiteElo "1573"]
[BlackElo "1773"]

1. e4 e5 2. Nf3 d6 3. d4 exd4 4. Nxd4 Nf6 5. Nc3 c5 6. Nf3 Bd7 7. Bg5 g6 8. Bc4
Bg7 9. Qxd6 Nc6 10. Qxc5 Bf8 11. Qe3 Be7 12. O-O-O O-O 13. h4 Kg7 14. e5 Nh5 15.
g4 Bxg4 16. Rxd8 Raxd8 0-1